[Event "British Columbia-Washington m"]
[Site "Victoria CAN"]
[Date "2019.01.20"]
[Round "4.10"]
[White "Cheng, Louis"]
[Black "Seshadri, Sridhar"]
[Result "1/2-1/2"]
[WhiteElo "2127"]
[BlackElo "1724"]
[PlyCount "97"]
[EventDate "2019.01.18"]
[EventType "team"]
[EventRounds "5"]
[EventCountry "CAN"]
[WhiteTeam "BC"]
[BlackTeam "WA"]

1. e4 c6 2. Nf3 Nf6 3. e5 Nd5 4. Bc4 e6 5. O-O Be7 6. d4 b5 7. Bd3 h6 8. Nc3
Nxc3 9. bxc3 a5 10. Nd2 d6 11. f4 O-O 12. Qh5 f5 13. exf6 Rxf6 14. Ne4 Rf5 15.
Qg6 Nd7 16. Qxe6+ Rf7 17. Nxd6 Bxd6 18. Qxd6 Rf6 19. Qa3 Nf8 20. f5 Kh8 21. Bd2
b4 22. Qb2 c5 23. Be4 Ra7 24. Rae1 Re7 25. g4 Ba6 26. Rf3 Rxe4 27. Rxe4 Bb7 28.
Ree3 Bxf3 29. Rxf3 Nh7 30. cxb4 Qd5 31. Rf2 cxb4 32. h4 Qe4 33. Rg2 Rc6 34. c3
Nf6 35. cxb4 Rc2 36. Qb1 Qxd4+ 37. Kh1 Rxd2 38. Rxd2 Qxd2 39. g5 hxg5 40. hxg5
Ng4 41. Qg1 Qxg5 42. bxa5 Qh6+ 43. Kg2 Ne3+ 44. Kf3 Nxf5 45. Qb6 Nh4+ 46. Ke4 {
Both scoresheets have 46...Nf6+ here.} Ng6 47. Kf3 Qh5+ 48. Kg2 Qg4+ 49. Kf2
1/2-1/2

[Event "British Columbia-Washington m"]
[Site "Victoria CAN"]
[Date "2019.01.20"]
[Round "5.1"]
[White "Mohammed Qanee, Arpak Worya"]
[Black "Collyer, Curt"]
[Result "1/2-1/2"]
[WhiteElo "2218"]
[BlackElo "2294"]
[PlyCount "35"]
[EventDate "2019.01.18"]
[EventType "team"]
[EventRounds "5"]
[EventCountry "CAN"]
[WhiteTeam "BC"]
[BlackTeam "WA"]

1. Nf3 b6 2. d4 Bb7 3. c4 e6 4. Nc3 Bb4 5. g3 f5 6. Bg2 Bxc3+ 7. bxc3 Nf6 8.
O-O O-O 9. a4 Be4 10. Ne5 d6 11. Nd3 Bxg2 12. Kxg2 Re8 13. Bg5 h6 14. Bxf6 Qxf6
15. a5 Nc6 16. axb6 axb6 17. Qb3 Na5 18. Qb5 1/2-1/2

[Event "British Columbia-Washington m"]
[Site "Victoria CAN"]
[Date "2019.01.20"]
[Round "5.2"]
[White "Sinanan, Joshua"]
[Black "Sohal, Tanraj"]
[Result "1/2-1/2"]
[WhiteElo "2283"]
[BlackElo "2387"]
[PlyCount "55"]
[EventDate "2019.01.18"]
[EventType "team"]
[EventRounds "5"]
[EventCountry "CAN"]
[WhiteTeam "WA"]
[BlackTeam "BC"]

1. Nf3 d5 2. g3 Nf6 3. Bg2 e6 4. O-O b5 5. d3 Be7 6. c4 c6 7. Nbd2 O-O 8. e4
Bb7 9. exd5 exd5 10. Qc2 a6 11. c5 a5 12. d4 Nbd7 13. Re1 Re8 14. b3 Bf8 15.
Rxe8 Qxe8 16. Bb2 g6 17. Re1 Qd8 18. Ne5 Bg7 19. f4 Qc7 20. Bf3 a4 21. b4 Re8
22. Kg2 Bc8 23. Be2 Nf8 24. Bd3 N6d7 25. Rf1 f5 26. Ndf3 Nf6 27. h3 Ne4 28. a3
1/2-1/2

[Event "British Columbia-Washington m"]
[Site "Victoria CAN"]
[Date "2019.01.20"]
[Round "5.3"]
[White "Vijayakumar, Advaith"]
[Black "MacKinnon, Keith"]
[Result "1/2-1/2"]
[WhiteElo "1937"]
[BlackElo "2279"]
[PlyCount "62"]
[EventDate "2019.01.18"]
[EventType "team"]
[EventRounds "5"]
[EventCountry "CAN"]
[WhiteTeam "WA"]
[BlackTeam "BC"]

1. d4 Nf6 2. c4 e6 3. Nf3 b6 4. g3 Ba6 5. Qc2 Bb4+ 6. Bd2 Be7 7. e4 d5 8. cxd5
Bxf1 9. Kxf1 exd5 10. e5 Ne4 11. Nc3 Nxc3 12. bxc3 Qd7 13. Kg2 Nc6 14. h4 Nd8
15. Ng5 h6 16. Nh3 c5 17. Rac1 Rc8 18. Qd3 O-O 19. f4 f5 20. Nf2 h5 21. Qf3 g6
22. c4 dxc4 23. d5 Ne6 24. dxe6 Qxd2 25. Rcd1 Qxa2 26. Qb7 Rfe8 27. Ra1 Qb3 28.
Rhb1 Qc2 29. Rc1 Qb3 30. Rcb1 Qc2 31. Rc1 Qb3 1/2-1/2

[Event "British Columbia-Washington m"]
[Site "Victoria CAN"]
[Date "2019.01.20"]
[Round "5.4"]
[White "Setiadikurnia, Sloan Christopher"]
[Black "Blaha, Jiri"]
[Result "1/2-1/2"]
[WhiteElo "2101"]
[BlackElo "2154"]
[PlyCount "87"]
[EventDate "2019.01.18"]
[EventType "team"]
[EventRounds "5"]
[EventCountry "CAN"]
[WhiteTeam "WA"]
[BlackTeam "BC"]

1. c4 c5 2. Nf3 g6 3. d4 cxd4 4. Nxd4 Nc6 5. e4 Nf6 6. Nc3 d6 7. Be2 Nxd4 8.
Qxd4 Bg7 9. Be3 O-O 10. Qd2 Be6 11. Rc1 Qa5 12. f3 Rfc8 13. b3 a6 14. Nd5 Qxd2+
15. Kxd2 Nxd5 16. cxd5 Bd7 17. a4 Kf8 18. a5 Bb2 19. Rc2 Rxc2+ 20. Kxc2 Bf6 21.
Bd2 Rc8+ 22. Kd1 e6 23. Bc4 Ke7 24. Ke2 Bd4 25. Bg5+ f6 26. dxe6 Bxe6 27. Bxe6
Kxe6 28. Bd2 d5 29. Kd3 Be5 30. Re1 dxe4+ 31. Rxe4 f5 32. Rb4 Rc7 33. h4 Rd7+
34. Ke2 Kd5 35. h5 Bd4 36. hxg6 hxg6 37. Rc4 Bc5 38. Rh4 Kc6 39. Rh6 Rd6 40.
Rh7 Re6+ 41. Kd3 Rd6+ 42. Ke2 Re6+ 43. Kd3 Rd6+ 44. Ke2 1/2-1/2

[Event "British Columbia-Washington m"]
[Site "Victoria CAN"]
[Date "2019.01.22"]
[Round "5.5"]
[White "Velea, Anne Marie"]
[Black "Tian, Sherry"]
[Result "1/2-1/2"]
[WhiteElo "2047"]
[BlackElo "2066"]
[PlyCount "41"]
[EventDate "2019.01.18"]
[EventType "team"]
[EventRounds "5"]
[EventCountry "CAN"]
[WhiteTeam "WA"]
[BlackTeam "BC"]

1. e4 e6 2. d4 d5 3. Nc3 dxe4 4. Nxe4 Nd7 5. Nf3 Ngf6 6. Nxf6+ Nxf6 7. Bd3 c5
8. O-O cxd4 9. Nxd4 a6 10. c3 Be7 11. Bg5 Qa5 12. Bh4 O-O 13. Qe2 Qc7 14. Rfe1
Re8 15. Rad1 Bd7 16. Bb1 Rad8 17. Qd3 g6 18. Qf3 Kg7 19. Bg3 Bd6 20. Bxd6 Qxd6
21. h3 1/2-1/2

[Event "British Columbia-Washington m"]
[Site "Victoria CAN"]
[Date "2019.01.20"]
[Round "5.6"]
[White "Kenney, Jason"]
[Black "Abramson, Dan"]
[Result "1/2-1/2"]
[WhiteElo "2271"]
[BlackElo "2151"]
[PlyCount "81"]
[EventDate "2019.01.18"]
[EventType "team"]
[EventRounds "5"]
[EventCountry "CAN"]
[WhiteTeam "BC"]
[BlackTeam "WA"]

1. e4 e6 2. d4 d5 3. Nd2 c5 4. exd5 exd5 5. Bb5+ Bd7 6. Qe2+ Be7 7. dxc5 Nf6 8.
Ngf3 O-O 9. O-O Bxc5 10. Nb3 Re8 11. Qd3 Bb6 12. Bxd7 Qxd7 13. Bg5 Ne4 14. Rad1
Nc6 15. c3 h6 16. Bc1 Rad8 17. Nbd4 Bc7 18. Nxc6 bxc6 19. c4 Qf5 20. c5 Qh5 21.
b4 Ng5 22. Bxg5 hxg5 23. h3 Re6 24. Nd4 Rg6 25. g4 Qh7 26. Rfe1 Rf6 27. Qxh7+
Kxh7 28. Re7 Rc8 29. b5 cxb5 30. Nf5 g6 31. Ne3 Bd8 32. Rd7 Kg7 33. R1xd5 Bc7
34. Nc2 a5 35. Rxg5 b4 36. Rgd5 Bb6 37. Nxb4 axb4 38. cxb6 Rxb6 39. R7d6 Rxd6
40. Rxd6 Rc2 41. Ra6 1/2-1/2

[Event "British Columbia-Washington m"]
[Site "Victoria CAN"]
[Date "2019.01.20"]
[Round "5.8"]
[White "Wu, Howard"]
[Black "Seshadri, Sridhar"]
[Result "1/2-1/2"]
[WhiteElo "2176"]
[BlackElo "1724"]
[PlyCount "49"]
[EventDate "2019.01.18"]
[EventType "team"]
[EventRounds "5"]
[EventCountry "CAN"]
[WhiteTeam "BC"]
[BlackTeam "WA"]

1. e4 g6 2. d4 Bg7 3. Nf3 h6 4. c4 b6 5. Nc3 Bb7 6. Be2 d6 7. O-O e6 8. Be3 a6
9. Rc1 Nd7 10. h3 Ne7 11. b4 e5 12. c5 O-O 13. d5 bxc5 14. bxc5 dxc5 15. Na4 f5
16. Qb3 fxe4 17. Qxb7 exf3 18. Bxf3 Rb8 19. Qxa6 Rxf3 20. gxf3 Kh7 21. d6 cxd6
22. Qxd6 Nf5 23. Qd3 Nxe3 24. fxe3 Qg5+ 25. Kf2 {
Notation issues - the game ended in a draw on move 32.} 1/2-1/2

[Event "British Columbia-Washington m"]
[Site "Victoria CAN"]
[Date "2019.01.20"]
[Round "5.9"]
[White "Velea, Sophie"]
[Black "Cheng, Louis"]
[Result "1/2-1/2"]
[WhiteElo "1824"]
[BlackElo "2127"]
[PlyCount "115"]
[EventDate "2019.01.18"]
[EventType "team"]
[EventRounds "5"]
[EventCountry "CAN"]
[WhiteTeam "WA"]
[BlackTeam "BC"]

1. e4 c5 2. Nf3 d6 3. Bb5+ Nc6 4. O-O a6 5. Bxc6+ bxc6 6. c3 Nf6 7. Re1 e5 8.
d3 Be7 9. Nbd2 O-O 10. Nf1 Qc7 11. Ng3 Rb8 12. Qc2 Ne8 13. Be3 Bg4 14. h3 Bxf3
15. gxf3 g6 16. Bh6 Ng7 17. Kh2 Bh4 18. Rg1 Bxg3+ 19. fxg3 f5 20. Raf1 a5 21.
Kg2 Rf7 22. Rf2 Ne6 23. Bc1 Kg7 24. Rgf1 f4 25. g4 Qe7 26. Kh1 g5 27. Qa4 Qc7
28. Qc2 Rd7 29. Rd1 Rh8 30. Rdd2 h5 31. Rh2 Kf6 32. Rdg2 Rdh7 33. Qd1 hxg4 34.
hxg4 Rxh2+ 35. Rxh2 Rxh2+ 36. Kxh2 Qh7+ 37. Kg1 Nf8 38. Bd2 Ng6 39. Be1 Qh3 40.
Qe2 Nh4 41. Bxh4 gxh4 42. Qf1 Qg3+ 43. Kh1 a4 44. Qe2 h3 45. Qf1 d5 46. c4 Ke6
47. cxd5+ cxd5 48. exd5+ Kxd5 49. Qe2 Kd6 50. Qf1 Kc7 51. Qe2 Kb6 52. Qf1 Ka5
53. Qe2 Kb4 54. Qd2+ Kb5 55. Qe2 Kb4 56. Qd2+ Kb5 57. Qe2 Kb6 58. Qf1 1/2-1/2

[Event "British Columbia-Washington m"]
[Site "Victoria CAN"]
[Date "2019.01.20"]
[Round "5.10"]
[White "Shubin, Daniel"]
[Black "Lehingrat, Callum"]
[Result "1-0"]
[WhiteElo "2012"]
[BlackElo "2067"]
[PlyCount "71"]
[EventDate "2019.01.18"]
[EventType "team"]
[EventRounds "5"]
[EventCountry "CAN"]
[WhiteTeam "WA"]
[BlackTeam "BC"]

1. e4 c5 2. Nf3 d6 3. d4 cxd4 4. Nxd4 Nf6 5. Nc3 a6 6. Nb3 e6 7. g4 b5 8. Bg2
Bb7 9. g5 Nfd7 10. f4 Nc5 11. Be3 Nbd7 12. Nxc5 Nxc5 13. a3 Be7 14. Qe2 Qc7 15.
O-O-O O-O-O 16. Kb1 Kb8 17. h4 Rc8 18. Rd2 Rhd8 19. Qh5 Bf8 20. Qxh7 Qa5 21.
Qg8 b4 22. axb4 Qxb4 23. Qxf7 a5 24. Rd4 Qb6 25. Rhd1 Bc6 26. Rc4 Rd7 27. Bxc5
Qa6 28. Qxe6 d5 29. Bf1 dxc4 30. Rxd7 Bxc5 31. Bxc4 Qb6 32. Rxg7 Bd4 33. Qd6+
Ka8 34. Na4 Bxa4 35. Qxb6 Bxb6 36. Bd5+ 1-0

[Event "British Columbia-ch"]
[Site "New Westminster CAN"]
[Date "2019.10.11"]
[Round "1.1"]
[White "Doknjas, Neil"]
[Black "Zhu, Brandon"]
[Result "1-0"]
[WhiteElo "2145"]
[BlackElo "2208"]
[PlyCount "99"]
[EventDate "2019.10.11"]
[EventType "tourn"]
[EventRounds "7"]
[EventCountry "CAN"]

1. e4 c5 2. Nf3 g6 3. d4 cxd4 4. Nxd4 Bg7 5. Nc3 Nc6 6. Be3 Nf6 7. Nxc6 bxc6 8.
e5 Ng8 9. Bd4 Nh6 10. e6 O-O 11. Bxg7 Kxg7 12. Qd4+ f6 13. exd7 Bxd7 14. O-O-O
Bg4 15. f3 Be6 16. Qe3 Qc8 17. Re1 Bf7 18. g4 Rb8 19. Qc5 Qb7 20. b3 Rfe8 21.
Bd3 Qb6 22. Na4 Qc7 23. h4 Qf4+ 24. Qe3 Qb4 25. g5 Qa3+ 26. Nb2 Ng8 27. Kb1 a5
28. Qe4 Bd5 29. Qg4 e5 30. h5 fxg5 31. Qxg5 Qe7 32. Qg3 g5 33. Rhg1 Kh6 34. Nc4
Bxc4 35. Bxc4 Qf6 36. Bxg8 Rxg8 37. Qxe5 Qxe5 38. Rxe5 Rb4 39. c4 Rf8 40. Re6+
Kg7 41. Rxg5+ Kf7 42. Rxc6 a4 43. Rf5+ Ke7 44. Rc7+ Kd6 45. Rxf8 Kxc7 46. Rf7+
Kd6 47. Kc2 Ke5 48. Rxh7 axb3+ 49. axb3 Kf4 50. Rg7 1-0

[Event "British Columbia-ch"]
[Site "New Westminster CAN"]
[Date "2019.10.11"]
[Round "1.2"]
[White "Sohal, Tanraj"]
[Black "Mohammed Qanee, Arpak Worya"]
[Result "1-0"]
[WhiteElo "2351"]
[BlackElo "2187"]
[PlyCount "103"]
[EventDate "2019.10.11"]
[EventType "tourn"]
[EventRounds "7"]
[EventCountry "CAN"]

1. d4 Nf6 2. c4 e6 3. Nf3 b6 4. g3 Bb4+ 5. Nbd2 Bb7 6. Bg2 O-O 7. O-O d6 8. Nb3
d5 9. c5 bxc5 10. a3 c4 11. axb4 cxb3 12. Qxb3 Nbd7 13. Bf4 c6 14. Nd2 Qb6 15.
Bd6 Rfc8 16. Bc5 Nxc5 17. bxc5 Qc7 18. Qc3 Rcb8 19. Ra5 Bc8 20. Rfa1 Qb7 21. b3
Ne8 22. e3 Nc7 23. Bf1 a6 24. Qc2 g6 25. Bd3 Kg7 26. R5a3 Nb5 27. Ra5 Nc7 28.
Kg2 Bd7 29. Qa2 Bc8 30. h4 Qb4 31. Qc2 Ra7 32. R1a4 Qb7 33. Qd1 Nb5 34. Ra1 Qe7
35. f4 f6 36. Nf3 Nc7 37. Bc2 e5 38. dxe5 Bg4 39. exf6+ Qxf6 40. Qd2 Bxf3+ 41.
Kxf3 Rab7 42. R5a4 Ne6 43. Rxa6 Nxc5 44. Ra7 Kh6 45. g4 Qe7 46. g5+ Kg7 47.
Qd4+ Kf7 48. Rxb7 Rxb7 49. Qh8 Ke6 50. Ra8 Kd6 51. Re8 Qg7 52. Rd8+ 1-0

[Event "British Columbia-ch"]
[Site "New Westminster CAN"]
[Date "2019.10.11"]
[Round "1.3"]
[White "McLaren, Brian"]
[Black "Nyamdorj, Davaa-Ochir"]
[Result "0-1"]
[WhiteElo "2146"]
[BlackElo "2330"]
[PlyCount "70"]
[EventDate "2019.10.11"]
[EventType "tourn"]
[EventRounds "7"]
[EventCountry "CAN"]

1. c4 e5 2. g3 Nf6 3. Bg2 d5 4. cxd5 Nxd5 5. Nc3 Nb6 6. Nf3 Nc6 7. O-O Be7 8.
d3 O-O 9. a3 Re8 10. b4 Bf8 11. Bb2 a5 12. b5 Nd4 13. Nxd4 exd4 14. Ne4 a4 15.
Qd2 Re5 16. e3 dxe3 17. fxe3 Rxb5 18. Nc3 Nc4 19. Qf2 Rf5 20. Qe2 Nxb2 21. d4
Rxf1+ 22. Bxf1 Qg5 23. Ra2 Nc4 24. Qxc4 Qxe3+ 25. Rf2 Be6 26. d5 Bd7 27. Qxc7
Bc5 28. Ne4 Bb6 29. Qxd7 Qxe4 30. Qxb7 Bxf2+ 31. Kxf2 Re8 32. Qb5 h5 33. Bd3
Qe3+ 34. Kg2 Rd8 35. d6 Qd2+ 0-1

[Event "British Columbia-ch"]
[Site "New Westminster CAN"]
[Date "2019.10.11"]
[Round "1.4"]
[White "Morozov, Grigory"]
[Black "Patterson, Roger"]
[Result "1/2-1/2"]
[WhiteElo "2400"]
[BlackElo "2075"]
[PlyCount "143"]
[EventDate "2019.10.11"]
[EventType "tourn"]
[EventRounds "7"]
[EventCountry "CAN"]

1. d4 d5 2. Nf3 e6 3. c4 c5 4. cxd5 exd5 5. Nc3 Nc6 6. Bg5 Be7 7. Bxe7 Ngxe7 8.
dxc5 Qa5 9. e3 Qxc5 10. Bd3 Bg4 11. O-O Rd8 12. Rc1 Bxf3 13. Qxf3 O-O 14. Qh5
g6 15. Qg5 Qb4 16. Rc2 Kg7 17. Ne2 h6 18. Qg3 Qd6 19. Qxd6 Rxd6 20. Rd2 Ne5 21.
Rc1 Rc6 22. Rxc6 bxc6 23. Ba6 Rb8 24. Nc3 Kf6 25. b3 Ke6 26. e4 Nd7 27. Be2 Nc5
28. Bf3 dxe4 29. Nxe4 Nxe4 30. Bxe4 Nd5 31. g3 g5 32. Kg2 Rf8 33. Rc2 Kd6 34.
Rc4 Re8 35. Kf3 Re5 36. Bd3 a5 37. a3 f5 38. h3 f4 39. g4 Nb6 40. Rc2 Nd5 41.
Be4 Re7 42. Rc4 Rb7 43. Bc2 Rb5 44. Ke4 Nf6+ 45. Kd4 Re5 46. Bd3 Rd5+ 47. Kc3
Re5 48. Rd4+ Nd5+ 49. Kc2 Kc5 50. Rc4+ Kd6 51. Be4 Re8 52. Bf3 Rb8 53. Bd1 Rb5
54. Rd4 Ke5 55. Kd3 Rc5 56. Re4+ Kd6 57. Rc4 Rxc4 58. Kxc4 Nb6+ 59. Kd4 Nd5 60.
Bf3 Nf6 61. Bd1 Nd5 62. Bc2 Nf6 63. Kc4 Nd5 64. Be4 Nb6+ 65. Kd4 c5+ 66. Kd3
Ke5 67. Bg6 c4+ 68. bxc4 Na4 69. f3 Nc5+ 70. Kc3 Na4+ 71. Kb3 Nc5+ 72. Kc3
1/2-1/2

[Event "British Columbia-ch"]
[Site "New Westminster CAN"]
[Date "2019.10.12"]
[Round "2.1"]
[White "Zhu, Brandon"]
[Black "Patterson, Roger"]
[Result "0-1"]
[WhiteElo "2208"]
[BlackElo "2075"]
[PlyCount "54"]
[EventDate "2019.10.11"]
[EventType "tourn"]
[EventRounds "7"]
[EventCountry "CAN"]

1. e4 c5 2. a3 g6 3. b4 Bg7 4. c3 d5 5. exd5 Qxd5 6. bxc5 Qxc5 7. d4 Qc7 8. Nf3
Nf6 9. Bb5+ Bd7 10. Qb3 O-O 11. O-O Nc6 12. Bxc6 Bxc6 13. Ne5 Nd7 14. f4 Rac8
15. Bb2 Nb6 16. Nd2 Bd5 17. Qb4 f6 18. Nd3 Nc4 19. Rf2 Nxd2 20. Rxd2 b6 21. Re1
e6 22. a4 Rfe8 23. a5 Bh6 24. axb6 axb6 25. Rf2 Ra8 26. Rc1 Bf8 27. Qb5 Bc4 0-1

[Event "British Columbia-ch"]
[Site "New Westminster CAN"]
[Date "2019.10.12"]
[Round "2.2"]
[White "Nyamdorj, Davaa-Ochir"]
[Black "Morozov, Grigory"]
[Result "0-1"]
[WhiteElo "2330"]
[BlackElo "2400"]
[PlyCount "124"]
[EventDate "2019.10.11"]
[EventType "tourn"]
[EventRounds "7"]
[EventCountry "CAN"]

1. d4 d5 2. Nf3 c6 3. e3 Bf5 4. Bd3 Bxd3 5. Qxd3 Nf6 6. O-O e6 7. Nbd2 Be7 8.
b3 O-O 9. Bb2 c5 10. c4 cxd4 11. exd4 dxc4 12. bxc4 Nc6 13. Rad1 Qb6 14. Rb1
Qa6 15. Qb3 Rfd8 16. Rfd1 Nd7 17. d5 Na5 18. Qc2 Bf6 19. Bxf6 Nxf6 20. dxe6
Qxe6 21. Rb5 b6 22. Re1 Qc6 23. Ne5 Qc7 24. Ne4 Nxe4 25. Qxe4 f6 26. Rxa5 bxa5
27. Nc6 Rf8 28. Ne7+ Kh8 29. Re3 f5 30. Nxf5 Qf7 31. g4 g6 32. Qe5+ Qf6 33. Nd6
Rab8 34. Qxf6+ Rxf6 35. Ne4 Rf4 36. g5 Kg7 37. Kg2 Rb2 38. Kg3 Rf5 39. Rb3 Rxa2
40. h4 Rf7 41. Nf6 Rc2 42. Rb8 Re7 43. Rg8+ Kf7 44. Rh8 Ke6 45. Nd5 Rf7 46.
Re8+ Kd6 47. Rd8+ Kc5 48. Rc8+ Kd6 49. Nf6 a4 50. c5+ Ke5 51. f4+ Kd4 52. Rd8+
Kc4 53. c6 Kb5 54. Ne4 Kxc6 55. Rd6+ Kb5 56. Rd8 Rfc7 57. Rd5+ Kb6 58. Rd6+
R7c6 59. Rd3 Kb5 60. h5 Kb4 61. Rd1 a3 62. Nd6 a2 0-1

[Event "British Columbia-ch"]
[Site "New Westminster CAN"]
[Date "2019.10.12"]
[Round "2.3"]
[White "Mohammed Qanee, Arpak Worya"]
[Black "McLaren, Brian"]
[Result "1/2-1/2"]
[WhiteElo "2187"]
[BlackElo "2146"]
[PlyCount "120"]
[EventDate "2019.10.11"]
[EventType "tourn"]
[EventRounds "7"]
[EventCountry "CAN"]

1. d4 f5 2. c4 Nf6 3. Nc3 e6 4. Nf3 d5 5. e3 c6 6. Bd2 Bd6 7. cxd5 exd5 8. Ne5
O-O 9. f4 Qe7 10. Bd3 Be6 11. O-O Nbd7 12. a3 Kh8 13. Be1 Ne4 14. Qh5 Qe8 15.
Qe2 a5 16. Bxe4 dxe4 17. Rd1 Nb6 18. Qc2 a4 19. Rc1 Bb3 20. Qd2 Rd8 21. Bh4 Rc8
22. g4 Qe6 23. Qg2 Bd5 24. gxf5 Qxf5 25. Kh1 Rce8 26. Rg1 Bxe5 27. dxe5 Rf7 28.
Qg3 h6 29. Rc2 Bb3 30. Rcg2 Nd7 31. Qg6 Qxg6 32. Rxg6 Kh7 33. Rd6 Nc5 34. Rgd1
Bxd1 35. Rxd1 Rf5 36. Rd4 g5 37. Bg3 gxf4 38. exf4 e3 39. Kg2 b5 40. Ne2 Re7
41. Rd6 Re6 42. Rxe6 Nxe6 43. Kf3 Rf7 44. Kxe3 Kg6 45. Be1 Ng7 46. Bb4 Kf5 47.
h3 Ke6 48. Ke4 Nf5 49. Bc5 h5 50. Bf2 Rd7 51. Nd4+ Nxd4 52. Bxd4 Rf7 53. h4 Rf5
54. Bc5 Rf7 55. Bb4 Rf5 56. Bc5 Rf7 57. Bb6 Rf5 58. Bd8 c5 59. Be7 c4 60. Bb4
Rf7 1/2-1/2

[Event "British Columbia-ch"]
[Site "New Westminster CAN"]
[Date "2019.10.12"]
[Round "2.4"]
[White "Doknjas, Neil"]
[Black "Sohal, Tanraj"]
[Result "1/2-1/2"]
[WhiteElo "2145"]
[BlackElo "2351"]
[PlyCount "129"]
[EventDate "2019.10.11"]
[EventType "tourn"]
[EventRounds "7"]
[EventCountry "CAN"]

1. e4 e6 2. d4 d5 3. Nc3 Nf6 4. Bg5 Bb4 5. e5 h6 6. Bd2 Bxc3 7. bxc3 Ne4 8. Qg4
g6 9. Bd3 Nxd2 10. Kxd2 c5 11. h4 Qe7 12. h5 g5 13. f4 cxd4 14. cxd4 Nc6 15.
Nf3 gxf4 16. Qxf4 Bd7 17. g4 O-O-O 18. g5 hxg5 19. Nxg5 Rdg8 20. Rag1 Nxd4 21.
Qxd4 Rxg5 22. Qxa7 Qb4+ 23. c3 Qf4+ 24. Kc2 Qa4+ 25. Qxa4 Bxa4+ 26. Kd2 Rxg1
27. Rxg1 Rxh5 28. Rg7 Rxe5 29. Rxf7 Bc6 30. c4 d4 31. Rf4 Ra5 32. Rxd4 Rxa2+
33. Kc3 Kc7 34. Bc2 Ra3+ 35. Kb4 Re3 36. c5 Re2 37. Bd3 Rd2 38. Kc3 Rd1 39. Rh4
Bd5 40. Bb5 Rb1 41. Rh7+ Kb8 42. Rh8+ Ka7 43. Bd3 Rb3+ 44. Kd4 Ra3 45. Re8 Ra1
46. Kc3 Ra4 47. Bf1 Rf4 48. Bd3 Rg4 49. Be2 Rg5 50. Kd4 Rg7 51. Bb5 Rc7 52. Bc4
Bxc4 53. Kxc4 b6 54. Rxe6 Rxc5+ 55. Kb3 Ka6 56. Re3 Ra5 57. Kc2 Rb5 58. Ra3+
Kb7 59. Rh3 Kc6 60. Rh6+ Kc7 61. Rh7+ Kc6 62. Rh6+ Kb7 63. Rh3 Rb4 64. Kc3 Rb5
65. Kc2 1/2-1/2

[Event "British Columbia-ch"]
[Site "New Westminster CAN"]
[Date "2019.10.12"]
[Round "3.1"]
[White "Sohal, Tanraj"]
[Black "Zhu, Brandon"]
[Result "1-0"]
[WhiteElo "2351"]
[BlackElo "2208"]
[PlyCount "97"]
[EventDate "2019.10.11"]
[EventType "tourn"]
[EventRounds "7"]
[EventCountry "CAN"]

1. d4 Nf6 2. c4 e6 3. Nf3 d5 4. Nc3 c6 5. Qb3 Bd6 6. Bg5 Be7 7. e3 Nbd7 8. Be2
h6 9. Bh4 O-O 10. O-O c5 11. Rfd1 cxd4 12. Nxd4 dxc4 13. Bxc4 Nc5 14. Qc2 Qb6
15. a3 a5 16. e4 Re8 17. e5 Nh7 18. Bxe7 Rxe7 19. Ncb5 Bd7 20. Nd6 Nf8 21. Rac1
Ng6 22. Bb5 Bxb5 23. N4xb5 Na6 24. a4 Rd7 25. Nc8 Qc5 26. Rxd7 Rxc8 27. Qxc5
Rxc5 28. Nc3 Nc7 29. Ne2 Na6 30. Rxb7 Rxe5 31. Nc3 Nc5 32. Rb5 Nd3 33. Rd1 Kf8
34. g3 Nb4 35. f4 Rf5 36. Rd7 Ke8 37. Ra7 Nc6 38. Ra6 Kd7 39. Rab6 Nge7 40. Ne4
e5 41. Rb7+ Ke6 42. Nc5+ Kd5 43. Nd3+ Ke6 44. Nxe5 Nxe5 45. Rxe5+ Rxe5 46. fxe5
Nd5 47. Rb5 Kxe5 48. Rxa5 Kd4 49. Ra7 1-0

[Event "British Columbia-ch"]
[Site "New Westminster CAN"]
[Date "2019.10.12"]
[Round "3.2"]
[White "McLaren, Brian"]
[Black "Doknjas, Neil"]
[Result "1/2-1/2"]
[WhiteElo "2146"]
[BlackElo "2145"]
[PlyCount "124"]
[EventDate "2019.10.11"]
[EventType "tourn"]
[EventRounds "7"]
[EventCountry "CAN"]

1. e4 c5 2. Nc3 a6 3. g4 Nc6 4. Bg2 d6 5. d3 e5 6. h3 Nge7 7. Be3 Ng6 8. Nf3
Nd4 9. Ne2 Nxf3+ 10. Bxf3 Nh4 11. Ng3 Qf6 12. Nf5 Nxf3+ 13. Qxf3 g6 14. g5 Qd8
15. Ng3 Be6 16. c4 b5 17. b3 h5 18. Ne2 Be7 19. h4 b4 20. Qg3 O-O 21. a4 bxa3
22. Rxa3 Kh7 23. Rg1 a5 24. Bd2 Rg8 25. Qe3 Bf8 26. f4 f5 27. Ng3 exf4 28. Qxf4
Bg7 29. exf5 Be5 30. fxg6+ Rxg6 31. Qf3 Bg4 32. Qf7+ Rg7 33. Qd5 Bxg3+ 34. Rxg3
Qf8 35. Rxg4 hxg4 36. Qe4+ Kg8 37. Qxg4 a4 38. Qe6+ Kh7 39. Qe4+ Kg8 40. Qd5+
Kh7 41. Qg2 Rb8 42. Rxa4 Rxb3 43. Qe4+ Kg8 44. Ra8 Re7 45. Qxe7 Qxa8 46. Qe6+
Kg7 47. Qh6+ Kg8 48. Qg6+ Kh8 49. Bc3+ Rxc3 50. Qf6+ Kh7 51. Qxc3 Qh1+ 52. Kd2
Qh2+ 53. Kd1 Qxh4 54. Qf6 Qh1+ 55. Kc2 Qh2+ 56. Kb3 Qd2 57. g6+ Kh6 58. g7+ Kh7
59. Qf7 Qd1+ 60. Ka3 Qa1+ 61. Kb3 Qb1+ 62. Ka3 Qa1+ 1/2-1/2

[Event "British Columbia-ch"]
[Site "New Westminster CAN"]
[Date "2019.10.12"]
[Round "3.3"]
[White "Morozov, Grigory"]
[Black "Mohammed Qanee, Arpak Worya"]
[Result "1-0"]
[WhiteElo "2400"]
[BlackElo "2187"]
[PlyCount "97"]
[EventDate "2019.10.11"]
[EventType "tourn"]
[EventRounds "7"]
[EventCountry "CAN"]

1. d4 Nf6 2. c4 e6 3. Nf3 b6 4. g3 Bb4+ 5. Bd2 Be7 6. Nc3 Bb7 7. Bg2 O-O 8. O-O
d6 9. Qc2 Nbd7 10. e4 e5 11. Rad1 c6 12. h3 Qc7 13. Be3 Rfe8 14. Nh2 Bf8 15. f4
Nh5 16. Qf2 exf4 17. gxf4 f5 18. Bf3 Nhf6 19. e5 dxe5 20. fxe5 Nxe5 21. dxe5
Qxe5 22. Bd4 Qe6 23. c5 bxc5 24. Bxc5 Bxc5 25. Qxc5 Qe3+ 26. Qxe3 Rxe3 27. Kf2
Rae8 28. Rd6 R3e6 29. Rxe6 Rxe6 30. h4 g6 31. Rd1 Kf7 32. Nf1 h5 33. Kg3 Ba6
34. Kf4 Bxf1 35. Rxf1 Rd6 36. Rd1 Rxd1 37. Nxd1 c5 38. Ke5 Ke7 39. Ne3 Nd7+ 40.
Kd5 Nb6+ 41. Ke5 Nd7+ 42. Kf4 Ke6 43. Bd5+ Kf6 44. Bc4 Kg7 45. b3 Kf6 46. a4
Kg7 47. a5 Kf6 48. Nd5+ Kg7 49. Ne7 1-0

[Event "British Columbia-ch"]
[Site "New Westminster CAN"]
[Date "2019.10.12"]
[Round "3.4"]
[White "Patterson, Roger"]
[Black "Nyamdorj, Davaa-Ochir"]
[Result "1/2-1/2"]
[WhiteElo "2075"]
[BlackElo "2330"]
[PlyCount "107"]
[EventDate "2019.10.11"]
[EventType "tourn"]
[EventRounds "7"]
[EventCountry "CAN"]

1. c4 e5 2. Nc3 Nf6 3. g3 d5 4. cxd5 Nxd5 5. Bg2 Nb6 6. Nf3 Nc6 7. O-O Be7 8.
d3 O-O 9. Bd2 Be6 10. a3 a5 11. Na4 Nxa4 12. Qxa4 f6 13. Rac1 Qd7 14. Rfd1 Ra6
15. Be3 Rb8 16. d4 exd4 17. Nxd4 Nxd4 18. Rxd4 Qxa4 19. Rxa4 Bd6 20. Rd4 a4 21.
Bf4 Bxf4 22. gxf4 c6 23. Kf1 Rc8 24. Ke1 Rc7 25. Rc5 Rd7 26. Rxd7 Bxd7 27. Kd2
Kf7 28. Be4 g6 29. Bc2 b6 30. Rc3 Ra5 31. Be4 c5 32. Re3 Be6 33. Kc3 b5 34. Bb1
Ra6 35. f5 Bxf5 36. Bxf5 gxf5 37. Rh3 b4+ 38. Kc4 Re6 39. e3 f4 40. axb4 cxb4
41. Kxb4 Rb6+ 42. Kxa4 Rxb2 43. exf4 Rxf2 44. Rxh7+ Kg6 45. Rh4 Kf5 46. Kb3
Rxf4 47. Rxf4+ Kxf4 48. Kc3 f5 49. Kd2 Kf3 50. h4 Kg4 51. Ke3 Kg3 52. h5 f4+
53. Kd2 f3 54. h6 1/2-1/2